La lengua radical (Record no. 12187)

MARC details
000 -LEADER
campo de control de longitud fija 00844nam a22002655i 4500
001 - NÚMERO DE CONTROL
campo de control 12187
003 - IDENTIFICADOR DE NÚMERO DE CONTROL
campo de control ES-MaACL
005 - FECHA Y HORA DE LA ÚLTIMA TRANSACCIÓN
campo de control 20240229160509.0
007 - CAMPO FIJO DE DESCRIPCIÓN FÍSICA--INFORMACIÓN GENERAL
campo de control de longitud fija t|
008 - DATOS DE LONGITUD FIJA--INFORMACIÓN GENERAL
campo de control de longitud fija 921216s1992 sp ||||0| spa j
020 ## - NÚMERO INTERNACIONAL ESTÁNDAR DEL LIBRO
Número Internacional Estándar del Libro 84-87964-05-2
040 ## - FUENTE DE CATALOGACIÓN
Centro catalogador/agencia de origen M-BN
Lengua de catalogación spa
Centro/agencia transcriptor M-BN
080 ## - NÚMERO DE LA CLASIFICACIÓN DECIMAL UNIVERSAL
Número de la Clasificación Decimal Universal 820(73)-14"19"(082.2)
245 03 - MENCIÓN DEL TÍTULO
Título La lengua radical
Resto del título : antología de la poesía norteamericana contemporánea /
Mención de responsabilidad, etc. Esteban Pujals Gesalí.
260 ## - PUBLICACIÓN, DISTRIBUCIÓN, ETC.
Lugar de publicación, distribución, etc. Madrid :
Nombre del editor, distribuidor, etc. Gramma,
Fecha de publicación, distribución, etc. D.L. 1992.
300 ## - DESCRIPCIÓN FÍSICA
Extensión 357 p :
Otras características físicas 1 retr ;
Dimensiones 21 cm.
490 1# - MENCIÓN DE SERIE
Mención de serie Gramma poesía ;
Designación de volumen o secuencia 1
500 ## - NOTA GENERAL
Nota general Textos en español e inglés.
650 #7 - PUNTO DE ACCESO ADICIONAL DE MATERIA--TÉRMINO DE MATERIA
Término de materia o nombre geográfico como elemento de entrada Poesías norteamericanas
Fuente del encabezamiento o término
9 (RLIN) 155562
700 1# - ENTRADA AGREGADA--NOMBRE PERSONAL
Nombre de persona Pujals Gesalí, Esteban (
Fechas asociadas al nombre 1952-)
9 (RLIN) 94323
830 0# - PUNTO DE ACCESO ADICIONAL DE SERIE-TÍTULO UNIFORME
Título uniforme Gramma poesía ;
Designación de volumen o secuencia 1
9 (RLIN) 179262
852 ## - LOCALIZACIÓN
Ubicación ES-MaACL
Número de control de estantería L-19398
Sublocalización o colección R.121368
Holdings
Estatus retirado Estado de pérdida Estado de daño No para préstamo Biblioteca de origen Biblioteca actual Ubicación en estantería Fecha de adquisición Fuente de adquisición Total de préstamos Signatura topográfica completa Código de barras Visto por última vez Precio de reemplazo Tipo de ítem Koha
        Biblioteca del Ateneo de Madrid Biblioteca del Ateneo de Madrid Depósito 2 17/01/2008     L-19398 1012416 23/02/2023 23/02/2023 Libro impreso